Werther

Saved in:
Bibliografiske detaljer
Hovedforfatter: Goethe, Johann Wolfgang von, 1749-1832 (autor)
Format: Bog
Sprog:spansk
Udgivet: Santiago Zig-Zag 2005
Udgivelse:3a. ed
Serier:Obras Escogidas
Fag:
Tags: Tilføj Tag
Ingen Tags, Vær først til at tagge denne postø!

MARC

LEADER 00000cam a2200000 a 4500
001 UCD0941
003 CL-VaPUC
008 151231e20050000cl |||||||||||||||||spa|d
020 |a 9561215535 
082 0 4 |a 833  |b GOE  |2 21 
100 |a Goethe, Johann Wolfgang von,  |d 1749-1832  |e autor  |9 265453 
245 1 0 |a Werther 
250 |a 3a. ed 
300 |a 219 p 
942 |c BK 
945 |d 20151231 00:34:00  |a dcastane 
260 |a Santiago  |b Zig-Zag  |c 2005 
650 0 |a Literatura alemana   |9 265457 
650 0 |a Novelas alemanas   |9 265783 
650 7 |a ESCRITORES ALEMANES  |2 CL-VaPUC  |9 449823 
583 |a last modification  |c 20151231 00:34:00  |k Rodrigo Vera 
490 0 |a Obras Escogidas 
999 |c 362374  |d 362372